La Educación Pública en México: 1964-1970 /
Esta obra constituye la memoria de actividades de la Secretaría de Educación Pública de México durante el período presidencial del Sr. Lic. Gustavo Díaz Ordaz. Este primer tomo es una crónica de los aspectos relevantes.
Guardat en:
| Autor corporatiu: | |
|---|---|
| Format: | Llibre |
| Idioma: | espanyol |
| Publicat: |
México :
Secretaría de Educación Pública,
1970
|
| Matèries: | |
| Etiquetes: |
Sense etiquetes, Sigues el primer a etiquetar aquest registre!
|
MARC
| LEADER | 00000nam^a2200000^a^4500 | ||
|---|---|---|---|
| 001 | 000022682 | ||
| 005 | 20250521000000.0 | ||
| 009 | 20260310084505.832 | ||
| 037 | |a Acervo ITESO - Biblioteca | ||
| 041 | |a ESP | ||
| 082 | |a 379. 972 |b SEC V. 1 | ||
| 110 | |a México. |b Secretaría de Educación Pública | ||
| 245 | 1 | 3 | |a La Educación Pública en México: 1964-1970 / |c Secretaría de Educación Pública. |
| 264 | 1 | |a México : |b Secretaría de Educación Pública, |c 1970 | |
| 300 | |a 2 v. | ||
| 336 | |a texto |b txt |2 rdacontenido | ||
| 337 | |a sin mediación |b n |2 rdamedio | ||
| 338 | |a volumen |b nc |2 rdasoporte | ||
| 520 | |a Esta obra constituye la memoria de actividades de la Secretaría de Educación Pública de México durante el período presidencial del Sr. Lic. Gustavo Díaz Ordaz. Este primer tomo es una crónica de los aspectos relevantes. | ||
| 649 | |a XX | ||
| 650 | |a Educación - |z México - |x Historia | ||
| 650 | |a Educación - |z México - |x Historia | ||
| 650 | |a Educación Pública - |z México - |x Historia | ||
| 910 | |a Fondo General | ||
| 920 | |a Impresos - Libros | ||
| 930 | |a Colección General | ||
| 905 | |a 101 | ||
| 901 | |a 0226820100 |b IT1 |c ACC |i 022682 |u 20250521 | ||
| 902 | |a https://opac.biblio.iteso.mx/vufind/Record/000022682 | ||